High school English grammar & composition

Bibliographic Details
Main Author: Wren, P. C.
Other Authors: Martin, H, Prasad Rao, N. D. V
Format: Book
Published: New Delhi : S. Chand & Co. Ltd , 2002
Subjects:

MARC

LEADER 00000cam a2200000 7i4500
001 0000027168
005 20161221.0
008 161213
020 |a 9830610284 
040 |a INS 
090 0 0 |b PE1112   |b W74 2002 
100 1 |a Wren, P. C. 
245 1 0 |a High school English grammar & composition   |c P. C. Wren, H Martin, N. D. V Prasad Rao 
260 |a New Delhi :   |b S. Chand & Co. Ltd ,   |c 2002 
300 |a x :   |b 482 p. ;   |c 24 cm. 
650 0 |a English language   |x Grammar   |v Problems, exercises, etc. 
650 0 |a English language   |x Rhetoric   |v Problems, exercises, etc. 
700 1 |a Martin, H 
700 1 |a Prasad Rao, N. D. V 
999 |a 0000022373   |b BOOK   |c Open Shelf   |e Default branch